<?xml version="1.0" encoding="UTF-8"?>
<record
    xmlns:xsi="http://www.w3.org/2001/XMLSchema-instance"
    xsi:schemaLocation="http://www.loc.gov/MARC21/slim http://www.loc.gov/standards/marcxml/schema/MARC21slim.xsd"
    xmlns="http://www.loc.gov/MARC21/slim">

  <leader>01506nam a2200241 i 4500</leader>
  <controlfield tag="001">160497</controlfield>
  <controlfield tag="003">ES-MaACL</controlfield>
  <controlfield tag="005">20250831014817.0</controlfield>
  <controlfield tag="008">981112s1889    xxka         |||| | eng d</controlfield>
  <datafield tag="040" ind1=" " ind2=" ">
    <subfield code="a">CCPB | B </subfield>
    <subfield code="b">spa </subfield>
    <subfield code="c">CCPB | B</subfield>
  </datafield>
  <datafield tag="245" ind1="0" ind2="0">
    <subfield code="a">Narrative and critical history of Am&#xE9;rica / </subfield>
    <subfield code="c">edited by Justin Winsor.</subfield>
  </datafield>
  <datafield tag="260" ind1=" " ind2=" ">
    <subfield code="a">London : </subfield>
    <subfield code="b">Sampson Low, Marston, Searle &amp; Rivington, </subfield>
    <subfield code="c">1889 (</subfield>
    <subfield code="f">Printed by H.O. Houghton and Company)</subfield>
  </datafield>
  <datafield tag="300" ind1=" " ind2=" ">
    <subfield code="a">8 v. (XXXVII, 470 p.;VII, 777 p.;VII, 649 p.; IX, 515 p.; XI, 578 p.; XI, IX, 640 p; VII, 610 p.; VIII 604 p.) : </subfield>
    <subfield code="b">il. ; </subfield>
    <subfield code="c">27 cm.</subfield>
  </datafield>
  <datafield tag="505" ind1="8" ind2=" ">
    <subfield code="a">Contiene: T.I. Aboriginal America. -- T.II. Spanish Explorations and Settlements in America from the Fifteen to the Seventeenth Century. -- T.III. English Explorations and Settlements in North America 1497-1689. -- T.IV. French Explorations and Settlements en North America and those ot the Portuguese, Dutch, and Swedes, 1500-1700. -- T.V. The English and French in North America, 1689-1763. -- T.VI. The United States of America, part. I. -- T.VII. The United States of America, part. II. -- T. VIII. The later history of British, Spanish, and Portuguese America.</subfield>
  </datafield>
  <datafield tag="599" ind1=" " ind2=" ">
    <subfield code="a">Las il. xil.</subfield>
  </datafield>
  <datafield tag="650" ind1=" " ind2="4">
    <subfield code="a">Cartograf&#xED;a-</subfield>
    <subfield code="z">Am&#xE9;rica.</subfield>
    <subfield code="9">159391</subfield>
  </datafield>
  <datafield tag="651" ind1=" " ind2="4">
    <subfield code="a">Am&#xE9;rica-</subfield>
    <subfield code="x">Historia.</subfield>
    <subfield code="9">7703</subfield>
  </datafield>
  <datafield tag="651" ind1=" " ind2="4">
    <subfield code="a">Am&#xE9;rica-</subfield>
    <subfield code="v">Bibliograf&#xED;as.</subfield>
    <subfield code="9">149767</subfield>
  </datafield>
  <datafield tag="651" ind1=" " ind2="4">
    <subfield code="a">Estados Unidos-</subfield>
    <subfield code="x">Historia</subfield>
    <subfield code="9">8540</subfield>
  </datafield>
  <datafield tag="700" ind1="1" ind2=" ">
    <subfield code="a">Winsor, Justin.</subfield>
    <subfield code="9">133944</subfield>
  </datafield>
  <datafield tag="852" ind1=" " ind2=" ">
    <subfield code="a">ES-MaACL</subfield>
    <subfield code="j">G-7321-28 </subfield>
    <subfield code="z">-- Enc. tela</subfield>
  </datafield>
  <datafield tag="999" ind1=" " ind2=" ">
    <subfield code="c">160497</subfield>
    <subfield code="d">160497</subfield>
  </datafield>
  <datafield tag="952" ind1=" " ind2=" ">
    <subfield code="0">0</subfield>
    <subfield code="1">0</subfield>
    <subfield code="4">0</subfield>
    <subfield code="7">0</subfield>
    <subfield code="8">LIBXIX</subfield>
    <subfield code="a">ATENEOM</subfield>
    <subfield code="b">ATENEOM</subfield>
    <subfield code="c">DEPO2</subfield>
    <subfield code="d">2008-01-17</subfield>
    <subfield code="l">0</subfield>
    <subfield code="o">G-7321-28</subfield>
    <subfield code="p">1168052</subfield>
    <subfield code="r">2023-02-23 00:00:00</subfield>
    <subfield code="w">2023-02-23</subfield>
    <subfield code="y">MONANT</subfield>
  </datafield>
</record>
